<?xml version="1.0" encoding="UTF-8"?>
<record
    xmlns:xsi="http://www.w3.org/2001/XMLSchema-instance"
    xsi:schemaLocation="http://www.loc.gov/MARC21/slim http://www.loc.gov/standards/marcxml/schema/MARC21slim.xsd"
    xmlns="http://www.loc.gov/MARC21/slim">

  <leader>00822nam a22001577a 4500</leader>
  <controlfield tag="005">20231117162115.0</controlfield>
  <datafield tag="020" ind1=" " ind2=" ">
    <subfield code="a">9788194787327</subfield>
    <subfield code="c">145.00</subfield>
  </datafield>
  <datafield tag="082" ind1=" " ind2=" ">
    <subfield code="2">2020</subfield>
    <subfield code="a">363.2</subfield>
    <subfield code="b">1</subfield>
  </datafield>
  <datafield tag="100" ind1=" " ind2=" ">
    <subfield code="a">&#x915;&#x94C;&#x936;&#x932; , &#x926;&#x93F;&#x928;&#x947;&#x936; &#x915;&#x941;&#x92E;&#x93E;&#x930; </subfield>
    <subfield code="9">58856</subfield>
  </datafield>
  <datafield tag="245" ind1=" " ind2=" ">
    <subfield code="a">&#x906;&#x913; &#x92A;&#x941;&#x932;&#x93F;&#x938; &#x915;&#x94B; &#x91C;&#x93E;&#x928;&#x947; /</subfield>
    <subfield code="c">&#x921;&#x949; &#x926;&#x93F;&#x928;&#x947;&#x936; &#x915;&#x941;&#x92E;&#x93E;&#x930; &#x915;&#x94C;&#x936;&#x932; </subfield>
  </datafield>
  <datafield tag="260" ind1=" " ind2=" ">
    <subfield code="a">&#x92D;&#x94B;&#x92A;&#x93E;&#x932; </subfield>
    <subfield code="b">&#x907;&#x902;&#x926;&#x94D;&#x930;&#x93E; &#x92A;&#x92C;&#x94D;&#x932;&#x93F;&#x936;&#x93F;&#x902;&#x917; &#x939;&#x93E;&#x909;&#x938; </subfield>
    <subfield code="c">2020</subfield>
  </datafield>
  <datafield tag="270" ind1=" " ind2=" ">
    <subfield code="a">&#x908; 5/21 &#x905;&#x930;&#x947;&#x930;&#x93E; &#x915;&#x949;&#x932;&#x94B;&#x928;&#x940; , &#x939;&#x92C;&#x940;&#x92C;&#x917;&#x902;&#x91C; &#x92A;&#x941;&#x932;&#x93F;&#x938; &#x938;&#x94D;&#x91F;&#x947;&#x936;&#x928; &#x930;&#x94B;&#x921; </subfield>
    <subfield code="b">&#x92D;&#x94B;&#x92A;&#x93E;&#x932; </subfield>
    <subfield code="e">462016</subfield>
  </datafield>
  <datafield tag="300" ind1=" " ind2=" ">
    <subfield code="a">119&#x92A;&#x943;.</subfield>
    <subfield code="b">22&#x938;&#x947;&#x92E;&#x940; (&#x905;&#x91C;&#x93F;&#x932;&#x94D;&#x926; )</subfield>
  </datafield>
  <datafield tag="942" ind1=" " ind2=" ">
    <subfield code="2">ddc</subfield>
    <subfield code="c">HN</subfield>
    <subfield code="e">2020</subfield>
    <subfield code="h">363.2</subfield>
    <subfield code="m">&#x915;&#x94C;&#x936;&#x932; </subfield>
  </datafield>
  <datafield tag="999" ind1=" " ind2=" ">
    <subfield code="c">197535</subfield>
    <subfield code="d">197535</subfield>
  </datafield>
</record>
